000 00920nam a2200289 i 4500
003 DO-SdBNP
005 20250424151419.0
007 ta
008 250424b1991 dr ||||| |||| 00| 0 spa d
020 _a2980123846
040 _aDO-SdBNP
_bspa
_cBNPHU
_erda
041 _hspa
082 4 _222
_axxx
_bxxx
100 _aParent, Louis-Marie,
_eautor
_4aut.
_910972
245 1 3 _aEl momento presente /
_cLoui-Marie Parent ; prólogo, Jean-Paul Labelle
264 4 _aSanto Domingo :
_bEdiciones MSC,
_c©1991.
300 _a223 páginas ;
_c18 cm.
336 _atexto
_btxt
_2rdacontent
337 _asin mediación
_bn
_2rdamedia
338 _avolumen
_bnc
_2rdacarrier
490 _aColección Voluntas Dei
500 _aIncluye datos biográficos del autor en la contracubierta
590 _aInventariado, 2025/BT
700 1 _aLabelle, Jean-Paul,
_eprologuista
_4pr.
_987522
910 _aBtavárez
942 _2ddc
_cLBS1
999 _c58789
_d58789